[Event "Mechanics' Fall TNM; 30/90, SD/30"]
[Site "San Francisco"]
[Date "2011.10.25"]
[Round "2.25"]
[White "Newey, Richard"]
[Black "Brown, Nicholas"]
[Result "1/2-1/2"]
[WhiteElo "1742"]
[BlackElo "1444"]
[PlyCount "98"]
[EventDate "2011.??.??"]

1. e4 c6 2. d4 d5 3. e5 Bf5 4. Be2 e6 5. Nf3 Ne7 6. O-O g6 7. Ne1 h5 8. Bg5 Bh6
9. Bf6 Rg8 10. Nd2 Nd7 11. Bxe7 Qxe7 12. c4 Qb4 13. Nef3 Qxb2 14. cxd5 Bxd2 15.
dxe6 fxe6 16. Qxd2 Qxd2 17. Nxd2 O-O-O 18. Nc4 Nb6 19. Nd6+ Kb8 20. a4 Nc8 21.
Nxf5 exf5 22. Rfd1 Nb6 23. a5 Nd5 24. Bc4 Rg7 25. g3 Nb4 26. Rab1 Nc2 27. d5
Na3 28. d6 Nxc4 29. f4 Rgd7 30. a6 b6 31. Rbc1 Nxd6 32. Rxc6 Ne4 33. Rxd7 Rxd7
34. Rxg6 Rh7 35. Rg8+ Kc7 36. Rf8 h4 37. Rxf5 hxg3 38. hxg3 Nxg3 39. Rf8 Rg7
40. Kh2 Kc6 41. Rb8 Nf5 42. Rf8 Nd4 43. f5 Rg5 44. e6 Nxf5 45. Rf7 Kd6 46. Rxa7
Kxe6 47. Rb7 Rg8 48. a7 Ra8 49. Rxb6+ Nd6 1/2-1/2

[Event "Mechanics' Fall TNM; 30/90, SD/30"]
[Site "San Francisco"]
[Date "2011.11.08"]
[Round "4.16"]
[White "Newey, Richard"]
[Black "Donnelly, Patrick"]
[Result "0-1"]
[WhiteElo "1742"]
[BlackElo "1499"]
[PlyCount "100"]
[EventDate "2011.??.??"]

1. e4 c5 2. Nf3 d6 3. d4 cxd4 4. Nxd4 Nf6 5. Nc3 a6 6. Be2 e6 7. Be3 Be7 8. a4
Nbd7 9. Nb3 b6 10. f4 Bb7 11. Bf3 Rc8 12. Qd3 Rc7 13. a5 b5 14. Bd4 Qa8 15. Bb6
Rc8 16. Nd2 O-O 17. Bd4 Rfd8 18. O-O Nc5 19. Qe3 b4 20. Nc4 Ncd7 21. Nb6 Nxb6
22. Nb5 Nc4 23. Qe2 axb5 24. a6 Bxe4 25. b3 Bxf3 26. Rxf3 Qe4 27. Qf2 Na3 28.
Bb6 Rxc2 29. Qf1 Ra8 30. a7 Nd7 31. Re3 Qxg2+ 32. Qxg2 Rxg2+ 33. Kxg2 Nxb6 34.
f5 e5 35. Rc1 Rxa7 36. Re4 f6 37. Rc6 d5 38. Re2 Nd7 39. Re1 d4 40. Rec1 Nc5
41. Rc8+ Kf7 42. Kf3 e4+ 43. Ke2 d3+ 44. Ke1 d2+ 45. Kxd2 Nxb3+ 46. Ke3 Nxc1
47. Rxc1 Nc4+ 48. Kxe4 Ra2 49. Kd5 Rxh2 50. Kc6 Rf2 0-1

[Event "Mechanics' Fall TNM; 30/90, SD/30"]
[Site "San Francisco"]
[Date "2011.11.22"]
[Round "6.11"]
[White "Newey, Richard"]
[Black "Ledford, Steven"]
[Result "1/2-1/2"]
[WhiteElo "1742"]
[BlackElo "1957"]
[PlyCount "65"]
[EventDate "2011.??.??"]

1. e4 e5 2. Nf3 Nc6 3. Bc4 h6 4. Nc3 Nf6 5. O-O Bc5 6. Bb3 O-O 7. Nxe5 Nxe5 8.
d4 Bb4 9. dxe5 Bxc3 10. bxc3 Nxe4 11. Qf3 d5 12. c4 c6 13. cxd5 cxd5 14. Rd1
Be6 15. c4 Ng5 16. Qe3 d4 17. Qxd4 Qxd4 18. Rxd4 Rac8 19. f4 Nh7 20. Ba3 Rfd8
21. Rad1 Rxd4 22. Rxd4 Nf8 23. h3 h5 24. Kf2 b6 25. Kf3 g6 26. Be7 Nd7 27. Ke3
Kg7 28. Kd2 Kh7 29. Ke3 Kg7 30. Kd2 Kh7 31. Kd3 Kg7 32. Kc3 a5 33. Kd2 1/2-1/2

[Event "Mechanics' Fall TNM; 30/90, SD/30"]
[Site "San Francisco"]
[Date "2011.12.06"]
[Round "8.16"]
[White "Newey, Richard"]
[Black "Sherwood, Peter"]
[Result "0-1"]
[WhiteElo "1742"]
[BlackElo "1766"]
[PlyCount "162"]
[EventDate "2011.??.??"]

1. e4 c5 2. Be2 e5 3. Nf3 d6 4. O-O Nf6 5. d3 h6 6. Nc3 Be6 7. a4 Nc6 8. Bd2
Be7 9. Qc1 Nd4 10. Nxd4 cxd4 11. Nd1 Rc8 12. f4 Bg4 13. Bxg4 Nxg4 14. f5 O-O
15. Rf3 Bg5 16. h3 Bxd2 17. Qxd2 Nf6 18. c3 Qa5 19. Qf2 dxc3 20. Nxc3 a6 21.
Kh2 Qc5 22. Qh4 Kh7 23. g4 Ng8 24. g5 Qb6 25. Rf2 Qe3 26. Rg1 f6 27. Nd5 fxg5
28. Qxh6+ gxh6 29. Nxe3 Nf6 30. Rgg2 Rc5 31. Rc2 Rfc8 32. Rxc5 Rxc5 33. h4 d5
34. hxg5 hxg5 35. Ng4 Nxg4+ 36. Rxg4 Kh6 37. b4 Rc3 38. exd5 Rxd3 39. Re4 Rxd5
40. Kg3 Kg7 41. Rc4 Rd7 42. b5 axb5 43. axb5 Kf6 44. b6 Rd6 45. Rb4 Kxf5 46.
Kf3 e4+ 47. Ke3 Rd3+ 48. Ke2 Kf4 49. Rb1 g4 50. Rf1+ Rf3 51. Rh1 Rh3 52. Rf1+
Rf3 53. Rh1 Rb3 54. Rh6 e3 55. Rf6+ Ke5 56. Rg6 Kf5 57. Rh6 Kf4 58. Rf6+ Kg3
59. Rh6 Kg2 60. Rg6 g3 61. Rh6 Kg1 62. Kf3 g2 63. Ke2 Rb2+ 64. Kxe3 Rf2 65. Rd6
Rf5 66. Ke2 Kh2 67. Rh6+ Kg3 68. Rg6+ Kh3 69. Rh6+ Kg3 70. Rg6+ Kh2 71. Rh6+ {
draw offer} Kg1 72. Rh7 Re5+ 73. Kd3 Rf5 74. Ke3 Kf1 75. Ke4 Rf8 76. Rc7 Re8+
77. Kf3 g1=Q 78. Rc1+ Re1 79. Rc2 Qe3+ 80. Kg4 Qe4+ 81. Kg5 Qxc2 0-1

[Event "Mechanics' Fall TNM; 30/90, SD/30"]
[Site "San Francisco"]
[Date "2011.11.29"]
[Round "7.27"]
[White "Olson, David"]
[Black "Bayaraa, Chinguun"]
[Result "0-1"]
[WhiteElo "1400"]
[BlackElo "1132"]
[PlyCount "60"]
[EventDate "2011.??.??"]

1. e4 c5 2. Nf3 e6 3. Bc4 d5 4. exd5 exd5 5. Bb5+ Bd7 6. Qe2+ Be7 7. Nc3 Nf6 8.
d4 cxd4 9. Nxd4 a6 10. Bd3 Nc6 11. Nf5 Bxf5 12. Bxf5 O-O 13. Qd3 Re8 14. O-O h6
15. Bd2 Bc5 16. Qh3 d4 17. Na4 Bf8 18. c4 b5 19. cxb5 axb5 20. Nc5 Bxc5 21.
Rac1 Qd5 22. g4 Bf8 23. g5 Ne7 24. gxf6 Qxf5 25. Qh4 Qxf6 26. Qh3 Qg6+ 27. Kh1
Rxa2 28. Rg1 Qe4+ 29. Rg2 Kh7 30. Re1 Qc6 0-1

[Event "Mechanics' Fall TNM; 30/90, SD/30"]
[Site "San Francisco"]
[Date "2011.11.01"]
[Round "3.22"]
[White "Olson, David"]
[Black "Litowsky, Daniel"]
[Result "0-1"]
[WhiteElo "1400"]
[BlackElo "1700"]
[PlyCount "64"]
[EventDate "2011.??.??"]

1. e4 e5 2. Nf3 Nc6 3. Bc4 Bc5 4. c3 Nf6 5. O-O O-O 6. d4 exd4 7. e5 Ng4 8.
cxd4 Be7 9. d5 Ncxe5 10. Nxe5 Nxe5 11. Bb3 d6 12. f4 Ng6 13. Nc3 Bf5 14. Qh5
Qd7 15. Bd2 Bg4 16. Ba4 Qc8 17. Qxg6 fxg6 18. Rae1 Bf6 19. Ne4 Bd4+ 20. Kh1 Qd8
21. Ng5 h6 22. Ne4 Bf5 23. Rf3 Bxe4 24. Rxe4 Bxb2 25. Rb4 Qf6 26. Rg3 a6 27.
Bc2 Rfe8 28. Rxg6 Qe7 29. h3 Bf6 30. f5 Qe2 31. Bxh6 Qxc2 32. Rbg4 Re1+ 0-1

[Event "Mechanics' Fall TNM; 30/90, SD/30"]
[Site "San Francisco"]
[Date "2011.11.15"]
[Round "5.27"]
[White "Olson, David"]
[Black "Otterbach, Renate"]
[Result "1/2-1/2"]
[WhiteElo "1400"]
[BlackElo "854"]
[Annotator "Donaldson"]
[PlyCount "64"]
[EventDate "2011.??.??"]

1. e4 e5 2. Nf3 Nc6 3. Bc4 Bc5 4. c3 Nf6 5. d3 d6 6. Bg5 h6 7. Bh4 g5 8. Bg3
Nh5 9. Nxe5 Nxg3 10. Nxf7 $2 (10. Bxf7+ Kf8 11. Ng6+ Kxf7 12. Nxh8+ Qxh8 13.
hxg3) 10... Qf6 $1 11. d4 Nxh1 12. Qh5 Qxf2+ 13. Kd1 Bxd4 (13... Bg4+ 14. Qxg4
Nxd4 $19) 14. Nxh8+ Kd8 15. Nf7+ Ke7 16. Nd2 Be6 17. cxd4 Bxc4 18. d5 Nd4 (
18... Qg1+) 19. Nxc4 Qc2+ 20. Ke1 Qxc4 21. Rd1 Nc2+ 22. Kd2 Qxe4 23. Kc1 Nf2
24. Rd2 Rf8 25. Re2 Nd3+ $4 (25... Ne3) 26. Kb1 $4 (26. Kxc2) 26... Na3+ $4 (
26... Ne3) 27. bxa3 Nf4+ 28. Rxe4+ Kf6 29. Nxh6 $4 (29. Qxh6+) 29... Nxh5 30.
Re6+ Kg7 31. Ng4 Rf1+ 32. Kb2 Rg1 1/2-1/2

[Event "Mechanics' Fall TNM; 30/90, SD/30"]
[Site "San Francisco"]
[Date "2011.11.29"]
[Round "7.26"]
[White "Otterbach, Renate"]
[Black "Brown, Nicholas"]
[Result "0-1"]
[WhiteElo "854"]
[BlackElo "1444"]
[PlyCount "100"]
[EventDate "2011.??.??"]

1. e4 c6 2. c4 d6 3. Nc3 Nf6 4. d4 e5 5. d5 Be7 6. Nf3 O-O 7. Bd3 Bg4 8. h3 Bh5
9. g4 Bg6 10. Nh4 Nfd7 11. Nf5 Na6 12. Be3 c5 13. h4 Bxf5 14. gxf5 Nf6 15. Qd2
Ng4 16. Bg5 h6 17. Bxe7 Qxe7 18. Be2 Nf6 19. O-O-O Nc7 20. Rdg1 Kh8 21. Rg3
Nce8 22. Rhg1 Ng8 23. h5 Rb8 24. Rf3 a6 25. a4 Ngf6 26. Rfg3 Rg8 27. Rxg7 Rxg7
28. Qxh6+ Nh7 29. Rxg7 Nxg7 30. f6 Qxf6 31. Qxf6 Nxf6 32. b3 Ngxh5 33. a5 Nf4
34. Bf1 Ng4 35. Na4 Nh2 36. Nb6 Rd8 37. Kc2 Nxf1 38. Kb2 Nd3+ 39. Kc3 Nxf2 40.
b4 Nxe4+ 41. Kb3 Nfd2+ 42. Ka3 cxb4+ 43. Kxb4 f5 44. Na4 f4 45. Nc5 dxc5+ 46.
Ka4 f3 47. d6 f2 48. Ka3 f1=Q 49. Kb2 Qb1+ 50. Ka3 Qb3# 0-1

[Event "Mechanics' Fall TNM; 30/90, SD/30"]
[Site "San Francisco"]
[Date "2011.12.13"]
[Round "9.25"]
[White "Otterbach, Renate"]
[Black "Frank, Robert"]
[Result "0-1"]
[WhiteElo "854"]
[BlackElo "1375"]
[PlyCount "102"]
[EventDate "2011.??.??"]

1. e4 e5 2. Nf3 Nf6 3. Nxe5 d6 4. Nf3 Nxe4 5. Qe2 Qe7 6. d3 Nf6 7. Qxe7+ Bxe7
8. Nc3 O-O 9. Bg5 Bg4 10. h3 Bxf3 11. gxf3 Nbd7 12. O-O-O c6 13. Re1 Rfe8 14.
Ne4 h6 15. Bd2 d5 16. Ng3 Bc5 17. Re3 Bxe3 18. fxe3 a5 19. a4 b5 20. Nf5 b4 21.
Rg1 Nh5 22. b3 Kh7 23. Be2 g6 24. f4 Ndf6 25. Nd6 Rf8 26. c4 Rad8 27. Nb7 Ra8
28. Nd6 dxc4 29. dxc4 Ra7 30. Bd3 Rg8 31. Nxf7 Rxf7 32. f5 gxf5 33. Bxf5+ Kh8
34. Rf1 Re7 35. Bd3 Reg7 36. Rf5 Rg1+ 37. Kc2 R8g5 38. Rxa5 Rxa5 39. Bxb4 Re5
40. Bd2 Rg2 41. Kc3 c5 42. a5 Ne4+ 43. Bxe4 Rxe4 44. a6 Rg8 45. Kd3 Rh4 46. e4
Rxh3+ 47. Be3 Ra8 48. e5 Rxa6 49. Ke4 Nf6+ 50. exf6 Rxf6 51. Bxc5 Rxb3 {
remainder illegible} 0-1

[Event "Mechanics' Fall TNM; 30/90, SD/30"]
[Site "San Francisco"]
[Date "2011.10.18"]
[Round "1.22"]
[White "Otterbach, Renate"]
[Black "Ganem, Paul"]
[Result "0-1"]
[WhiteElo "854"]
[BlackElo "1845"]
[PlyCount "64"]
[EventDate "2011.??.??"]

1. d4 Nf6 2. c4 g6 3. Nc3 d5 4. Bg5 c6 5. Nf3 Bg7 6. e3 O-O 7. Be2 Re8 8. Ne5
Nbd7 9. c5 Nxe5 10. dxe5 Nd7 11. O-O Bxe5 12. f4 Bg7 13. b4 Bxc3 14. Rb1 Bf6
15. Qc2 Bxg5 16. fxg5 e5 17. e4 Qxg5 18. exd5 cxd5 19. Rbd1 Nf6 20. Qb3 Be6 21.
Kh1 Ne4 22. Rxd5 Rad8 23. Bc4 Nd2 24. Rxd8 Rxd8 25. Bxe6 Nxb3 26. Bxf7+ Kg7 27.
Bxb3 Rf8 28. Kg1 e4 29. g3 e3 30. h4 Qg4 31. Kg2 Rf2+ 32. Kh1 Qh3+ 0-1

[Event "Mechanics' Fall TNM; 30/90, SD/30"]
[Site "San Francisco"]
[Date "2011.11.08"]
[Round "4.25"]
[White "Otterbach, Renate"]
[Black "Montoya, Daniel"]
[Result "0-1"]
[WhiteElo "854"]
[BlackElo "1535"]
[PlyCount "52"]
[EventDate "2011.??.??"]

1. d4 d5 2. c4 dxc4 3. Nc3 a6 4. e4 b5 5. Bd2 Nf6 6. Be2 e6 7. e5 Nd5 8. Bf3
Bb7 9. Qc2 Nb4 10. Qd1 Nd3+ 11. Kf1 Nxb2 12. Qe2 Nc6 13. Bxc6+ Bxc6 14. Be3 Nd3
15. Nf3 Be7 16. Ne1 Nxe1 17. Rxe1 O-O 18. f4 Qd7 19. Kf2 Bh4+ 20. g3 Bxh1 21.
Rxh1 Be7 22. h4 Qc6 23. d5 exd5 24. g4 d4 25. Rd1 dxe3+ 26. Qxe3 Bc5 0-1

[Event "Mechanics' Fall TNM; 30/90, SD/30"]
[Site "San Francisco"]
[Date "2011.10.18"]
[Round "1.2"]
[White "Phillips, Tony"]
[Black "Lee, Andy"]
[Result "0-1"]
[WhiteElo "1826"]
[BlackElo "2266"]
[PlyCount "118"]
[EventDate "2011.??.??"]

1. Nf3 Nf6 2. d4 g6 3. Bg5 Bg7 4. c3 O-O 5. Nbd2 d6 6. e4 h6 7. Bh4 Nh5 8. Bc4
c6 9. O-O b5 10. Be2 Bb7 11. e5 Qc7 12. Ne4 f5 13. exf6 exf6 14. Nfd2 Nf4 15.
Bg3 f5 16. Bxf4 fxe4 17. Qb3+ Kh7 18. Bg3 Qe7 19. a4 a6 20. Kh1 Nd7 21. f3 d5
22. fxe4 dxe4 23. d5 cxd5 24. axb5 axb5 25. Bxb5 Ne5 26. Rxa8 Bxa8 27. Qd1 h5
28. Rxf8 Bxf8 29. Qf1 Ng4 30. Qe2 Qa7 31. h3 Ne3 32. Bf2 Qa1+ 33. Nf1 Nd1 34.
Bd4 Qxb2 35. Qxb2 Nxb2 36. Ne3 Nd3 37. Bxd3 exd3 38. Kg1 Bc6 39. Kf2 Bb5 40.
Ke1 Bh6 41. Nf1 g5 42. g4 Kg6 43. Kd2 Bf8 44. Ne3 Bc4 45. Nd1 Bd6 46. Nf2 Bf4+
47. Be3 Bxe3+ 48. Kxe3 d2 49. Kxd2 Bf1 50. Ke3 Bg2 51. Kd4 Kh6 52. Nd1 $2 Bxh3
53. gxh5 Be6 54. Ne3 Kxh5 55. Nxd5 $4 (55. Ke5 Bg8 56. Kf6 Kh4 57. Kg7 Be6 58.
Kf6 $11) 55... Bxd5 56. Kxd5 g4 57. Ke4 Kh4 58. Ke3 Kh3 59. Kf2 Kh2 0-1

[Event "Mechanics' Fall TNM; 30/90, SD/30"]
[Site "San Francisco"]
[Date "2011.11.15"]
[Round "5.18"]
[White "Poling, Scott"]
[Black "Davis, Joe Paul"]
[Result "1/2-1/2"]
[WhiteElo "1632"]
[BlackElo "1675"]
[PlyCount "131"]
[EventDate "2011.??.??"]

1. e4 e5 2. Nf3 Nc6 3. d4 exd4 4. Bc4 Nf6 5. e5 d5 6. Bb5 Ne4 7. Nxd4 Bd7 8.
Bxc6 bxc6 9. O-O Bc5 10. Be3 Qe7 11. f3 Ng5 12. f4 Ne4 13. Nd2 Bxd4 14. Bxd4
Bf5 15. Nxe4 Bxe4 16. Qe2 O-O 17. f5 Qb4 18. c3 Qb5 19. Qf2 a6 20. f6 g6 21. e6
Rfe8 22. e7 a5 23. Qd2 Kh8 24. b4 axb4 25. cxb4 Qc4 26. a4 Qd3 27. Qf2 Qc2 28.
Rfc1 Qxf2+ 29. Kxf2 Reb8 30. Bc5 h5 31. a5 g5 32. g4 hxg4 33. Kg3 Bf5 34. Re1
Kh7 35. Re5 Kg6 36. Rf1 Bd7 37. Re2 Rh8 38. Re3 Rh4 39. a6 Rh3+ 40. Kg2 Rxe3
41. Bxe3 Rxa6 42. Bc5 Ra2+ 43. Kg3 Ra3+ 44. Kg2 Rf3 45. Re1 Be8 46. Ra1 Kxf6
47. Ra8 Bd7 48. e8=Q Bxe8 49. Rxe8 Ra3 50. Rh8 Kf5 51. Rh7 Ra2+ 52. Kg3 Ra3+
53. Kf2 Ra2+ 54. Ke3 f6 55. Rh6 Ra3+ 56. Kd4 Rh3 57. Rxh3 gxh3 58. Ke3 g4 59.
Kf2 Ke4 60. Kg3 f5 61. Be7 d4 62. Bg5 d3 63. Bd2 Kd5 64. Kf4 Ke6 65. Kg3 Kd5
66. Kf4 1/2-1/2

[Event "Mechanics' Fall TNM; 30/90, SD/30"]
[Site "San Francisco"]
[Date "2011.11.08"]
[Round "4.22"]
[White "Poling, Scott"]
[Black "Dembling, Arthur"]
[Result "1-0"]
[WhiteElo "1632"]
[BlackElo "1758"]
[PlyCount "103"]
[EventDate "2011.??.??"]

1. e4 e6 2. d4 d5 3. e5 c5 4. Nf3 Nc6 5. Bd3 cxd4 6. O-O Be7 7. Re1 f6 8. Bb5
Bd7 9. Bxc6 bxc6 10. Nxd4 c5 11. exf6 Nxf6 12. Nxe6 Bxe6 13. Rxe6 O-O 14. Nc3
Qd7 15. Qe2 Ne4 16. Rxe7 Qxe7 17. f3 Qd7 18. fxe4 Rae8 19. Qd3 Qf7 20. Qxd5
Qxd5 21. Nxd5 Rxe4 22. Be3 Rd8 23. Rd1 Rde8 24. Kf2 Kf7 25. Rd2 c4 26. c3 Rd8
27. Nb4 Rxd2+ 28. Bxd2 Re5 29. Nc6 Rb5 30. Bc1 a5 31. a4 Rd5 32. Be3 Rd1 33.
Nxa5 Ra1 34. Nxc4 Rxa4 35. b4 Ke6 36. Bd4 Ra2+ 37. Kf3 g5 38. Ne3 h5 39. h3 Rb2
40. Ke4 Rf2 41. b5 Rb2 42. b6 g4 43. hxg4 hxg4 44. Kf4 Re2 45. Kxg4 Rb2 46. Kf4
Kd7 47. g4 Rf2+ 48. Ke5 Rb2 49. g5 Kc6 50. g6 Rb5+ 51. Kf6 Rh5 52. g7 1-0

[Event "Mechanics' Fall TNM; 30/90, SD/30"]
[Site "San Francisco"]
[Date "2011.12.13"]
[Round "9.17"]
[White "Poling, Scott"]
[Black "Harris, Clarence"]
[Result "0-1"]
[WhiteElo "1632"]
[BlackElo "1336"]
[PlyCount "28"]
[EventDate "2011.??.??"]

1. e4 e5 2. Nf3 Nc6 3. d4 exd4 4. Bc4 Be7 5. Nxd4 d6 6. O-O Nf6 7. Nc3 O-O 8.
Nxc6 bxc6 9. Be3 Bb7 10. f4 d5 11. e5 dxc4 12. exf6 Bxf6 13. Ne4 Be7 14. Qg4 $4
f5 0-1

[Event "Mechanics' Fall TNM; 30/90, SD/30"]
[Site "San Francisco"]
[Date "2011.11.29"]
[Round "7.20"]
[White "Poling, Scott"]
[Black "Morgan, Jerry"]
[Result "1-0"]
[WhiteElo "1632"]
[BlackElo "1442"]
[PlyCount "83"]
[EventDate "2011.??.??"]

1. e4 c6 2. d4 d5 3. exd5 cxd5 4. Bd3 Nc6 5. c3 Qc7 6. g3 e5 7. dxe5 Nxe5 8.
Qe2 Be6 9. Bb5+ Nc6 10. Nf3 O-O-O 11. O-O h6 12. Be3 a6 13. Bxc6 Qxc6 14. Nd4
Qd7 15. Nxe6 fxe6 16. Bb6 Re8 17. Re1 Nf6 18. Na3 Bd6 19. c4 Kb8 20. c5 Bc7 21.
Rac1 Qc6 22. Qe3 e5 23. b4 d4 24. Bxc7+ Qxc7 25. Qd3 Nd5 26. b5 Nb4 27. Qc4 a5
28. b6 Qd7 29. Nc2 Nc6 30. Rcd1 Rhf8 31. Re4 Qf5 32. Qe2 Qf3 33. Qxf3 Rxf3 34.
Nxd4 Rc3 35. Nb3 Kc8 36. Ra4 e4 37. Nxa5 Rd3 38. Re1 e3 39. Rxe3 Rexe3 40. fxe3
Rxe3 41. Nxc6 bxc6 42. Ra7 1-0

[Event "Mechanics' Fall TNM; 30/90, SD/30"]
[Site "San Francisco"]
[Date "2011.10.25"]
[Round "2.26"]
[White "Poling, Scott"]
[Black "Otterbach, Renate"]
[Result "1-0"]
[WhiteElo "1632"]
[BlackElo "854"]
[PlyCount "59"]
[EventDate "2011.??.??"]

1. e4 e5 2. Nf3 Nc6 3. d4 Nf6 4. d5 Ne7 5. Nxe5 Nxe4 6. Be2 d6 7. Nf3 Nf6 8. c4
c6 9. Nc3 a6 10. O-O g6 11. Bf4 Nf5 12. Re1 Be7 13. dxc6 O-O 14. cxb7 Bxb7 15.
Nd4 Re8 16. Nxf5 gxf5 17. Bf3 Rb8 18. b3 Bf8 19. Rxe8 Qxe8 20. Bxb7 Rxb7 21.
Bxd6 Rd7 22. c5 Qc8 23. Qf3 Bg7 24. Re1 Ne8 25. Bf4 Qd8 26. c6 Rd2 27. Bxd2
Qxd2 28. Rxe8+ Bf8 29. Qg3+ Kh8 30. Rxf8# 1-0

[Event "Mechanics' Fall TNM; 30/90, SD/30"]
[Site "San Francisco"]
[Date "2011.10.25"]
[Round "2.8"]
[White "Rakonitz, David"]
[Black "Grey, Peter"]
[Result "0-1"]
[WhiteElo "1455"]
[BlackElo "2000"]
[PlyCount "106"]
[EventDate "2011.??.??"]

1. d4 Nf6 2. Nf3 g6 3. c4 Bg7 4. Nc3 d5 5. Bg5 dxc4 6. e4 b5 7. e5 Nd5 8. Nxb5
h6 9. Bd2 Nb6 10. Qc2 Bg4 11. Be3 Bf5 12. Qc1 Be6 13. Qc2 O-O 14. Rc1 Nc6 15.
a3 Na5 16. Nd2 c6 17. Nc3 Nb3 18. Nxb3 cxb3 19. Qd2 Kh7 20. Be2 Rc8 21. O-O c5
22. dxc5 Qxd2 23. Bxd2 Nd7 24. f4 Nxc5 25. Be3 Rfd8 26. Rfd1 Rxd1+ 27. Rxd1 f6
28. exf6 Bxf6 29. Bd4 Kg7 30. Bxf6+ Kxf6 31. Rd4 Rc7 32. g3 Rd7 33. Rxd7 Bxd7
34. Bc4 Be6 35. Bxe6 Kxe6 36. Nb1 Kd5 37. Nd2 Kd4 38. Kf2 Kd3 39. Ke1 Kc2 40.
Nc4 Nd3+ 41. Ke2 Nxb2 42. Ne3+ Kc1 43. g4 Na4 44. Nc4 b2 45. Nxb2 Kxb2 46. h4
Nc3+ 47. Ke3 Nd5+ 48. Kf3 Kxa3 49. h5 gxh5 50. g5 hxg5 51. fxg5 Kb3 52. g6 a5
53. g7 Nf6 0-1

[Event "Mechanics' Fall TNM; 30/90, SD/30"]
[Site "San Francisco"]
[Date "2011.11.08"]
[Round "4.20"]
[White "Rakonitz, David"]
[Black "Miller, David"]
[Result "0-1"]
[WhiteElo "1455"]
[BlackElo "1777"]
[Annotator "Donaldson"]
[PlyCount "84"]
[EventDate "2011.??.??"]

1. d4 f5 2. Bg5 g6 3. e3 Bg7 4. Nd2 Nf6 5. Bd3 O-O 6. Qf3 d6 7. Ne2 Qe8 8. Bc4+
e6 9. Nf4 d5 10. Bd3 Nc6 11. a3 Ne4 12. Bh4 Nd8 13. Bxd8 Qxd8 14. O-O-O e5 15.
Nxd5 $2 (15. dxe5 $11) 15... Nxd2 16. Rxd2 e4 17. Bxe4 fxe4 18. Qxe4 Rf7 $17
19. Qd3 $2 c6 $2 (19... Qxd5) 20. Nc3 b5 21. Na2 a5 22. Kb1 Be6 23. e4 Qb6 24.
Nc1 Bh6 25. Rdd1 Rxf2 26. Qg3 Raf8 27. Nd3 R2f7 28. Nc5 Bc8 29. h4 Bf4 30. Qc3
Bg4 31. Rde1 Bd6 32. Qb3 Bxc5 33. dxc5 Qxc5 34. Rhf1 Qe5 35. Rxf7 Rxf7 36. Qe3
c5 37. Qd2 a4 38. Qd8+ Kg7 39. Qb6 c4 40. c3 Rd7 41. Rf1 Qxe4+ 42. Kc1 Bf5 0-1

[Event "Mechanics' Fall TNM; 30/90, SD/30"]
[Site "San Francisco"]
[Date "2011.10.25"]
[Round "2.21"]
[White "Ramachandran, Jayakrishnan"]
[Black "Keiper, Ryan"]
[Result "1-0"]
[WhiteElo "1791"]
[BlackElo "1520"]
[PlyCount "55"]
[EventDate "2011.??.??"]

1. e4 c6 2. d4 d5 3. Nc3 dxe4 4. Nxe4 Nd7 5. Nf3 Ngf6 6. Ng3 Nb6 7. h3 e6 8.
Bd3 c5 9. dxc5 Bxc5 10. O-O O-O 11. Bg5 h6 12. Ne4 Be7 13. Bf4 Nbd5 14. Bh2 b6
15. Qe2 Nxe4 16. Bxe4 Bd6 17. c4 Bxh2+ 18. Nxh2 Nf4 19. Qf3 Nxh3+ 20. Qxh3 e5
21. Qd3 Qxd3 22. Bxd3 f5 23. Rad1 Bb7 24. Rfe1 e4 25. Bc2 Rad8 26. Rxd8 Rxd8
27. Rd1 Rxd1+ 28. Bxd1 1-0

[Event "Mechanics' Fall TNM; 30/90, SD/30"]
[Site "San Francisco"]
[Date "2011.11.08"]
[Round "4.10"]
[White "Ramachandran, Jayakrishnan"]
[Black "Krasnov, Steven"]
[Result "1/2-1/2"]
[WhiteElo "1791"]
[BlackElo "1974"]
[PlyCount "117"]
[EventDate "2011.??.??"]

1. e4 c5 2. Nf3 e6 3. d4 cxd4 4. Nxd4 a6 5. Nc3 Qc7 6. a3 Nf6 7. Be3 b5 8. Nde2
Bb7 9. f3 Nc6 10. g3 Ne5 11. Bg2 Nc4 12. Qc1 h6 13. Bf2 d5 14. exd5 Nxd5 15.
Nxd5 Bxd5 16. O-O Rc8 17. Nc3 Bb7 18. Ne2 Bc5 19. c3 O-O 20. Rb1 Rfd8 21. Nd4
e5 22. Nb3 Be7 23. Qc2 a5 24. Rbd1 a4 25. Nd2 g6 26. Nxc4 Qxc4 27. Rxd8+ Rxd8
28. Rd1 Bd5 29. Be3 Kg7 30. Qf2 Qb3 31. Rd2 Qa2 32. h4 Qb1+ 33. Qf1 Qxf1+ 34.
Kxf1 Bc4+ 35. Kf2 f5 36. Rxd8 Bxd8 37. Bf1 f4 38. gxf4 Bxh4+ 39. Kg2 exf4 40.
Bxf4 Be1 41. Bxc4 bxc4 42. Kf1 Bh4 43. Ke2 Bf6 44. Ke3 g5 45. Bh2 Kf7 46. Ke4
Ke6 47. Bg1 h5 48. Bh2 g4 49. fxg4 hxg4 50. Bf4 Bg7 51. Bg3 Bh6 52. Kd4 Bc1 53.
Kxc4 Bxb2 54. Kb4 Kd5 55. c4+ Kc6 56. Kxa4 Kc5 57. Kb3 Bd4 58. a4 Be3 59. Kc3
1/2-1/2

[Event "Mechanics' Fall TNM; 30/90, SD/30"]
[Site "San Francisco"]
[Date "2011.11.22"]
[Round "6.14"]
[White "Ramachandran, Jayakrishnan"]
[Black "Marshall, Johnathan"]
[Result "1-0"]
[WhiteElo "1791"]
[BlackElo "1589"]
[PlyCount "79"]
[EventDate "2011.??.??"]

1. e4 d5 2. exd5 Nf6 3. c4 c6 4. dxc6 Nxc6 5. Nf3 e5 6. d3 Bb4+ 7. Bd2 O-O 8.
Be2 Bf5 9. a3 Bc5 10. b4 Bxf2+ 11. Kxf2 e4 12. dxe4 Nxe4+ 13. Kf1 Qf6 14. Ra2
Rad8 15. Qb3 Rfe8 16. Qb2 Qe6 17. Bc3 Qh6 18. Be1 Re7 19. Nc3 Nxc3 20. Bxc3
Rde8 21. Qd2 Qxd2 22. Rxd2 Rxe2 23. Rxe2 Bd3 24. Ng1 Bxc4 25. Kf2 Bxe2 26. Nxe2
h6 27. Rd1 Nb8 28. Rd3 Kf8 29. b5 f6 30. Bb4+ Kf7 31. Re3 Nd7 32. Rxe8 Kxe8 33.
Nd4 a6 34. bxa6 bxa6 35. Ne6 Nb8 36. Nxg7+ Kf7 37. Nf5 Kg6 38. g4 Nc6 39. Ne7+
Nxe7 40. Bxe7 1-0

[Event "Mechanics' Fall TNM; 30/90, SD/30"]
[Site "San Francisco"]
[Date "2011.12.06"]
[Round "8.6"]
[White "Ramachandran, Jayakrishnan"]
[Black "Watson, Farid"]
[Result "1-0"]
[WhiteElo "1791"]
[BlackElo "2010"]
[PlyCount "85"]
[EventDate "2011.??.??"]

1. e4 g6 2. d4 Bg7 3. Nf3 d6 4. Be2 Nf6 5. Nc3 a6 6. a4 O-O 7. O-O b6 8. Re1
Bb7 9. Bf1 Nc6 10. h3 e5 11. d5 Ne7 12. g4 h5 13. g5 Nh7 14. h4 Bc8 15. Nh2 f5
16. f3 Rf7 17. Bg2 Nf8 18. Rf1 Bd7 19. Ne2 b5 20. b3 c6 21. c4 Qb6+ 22. Kh1
cxd5 23. cxd5 Rb8 24. Bd2 Nc8 25. a5 Qd8 26. b4 Nh7 27. Rc1 Bf8 28. Qc2 f4 29.
Qc7 Qxc7 30. Rxc7 Be8 31. Rfc1 Rxc7 32. Rxc7 Be7 33. Bh3 Bd8 34. Rxc8 Rxc8 35.
Bxc8 Nxg5 36. hxg5 Bxg5 37. Bxa6 Bd8 38. Nc3 g5 39. Bxb5 Kf8 40. a6 Bb6 41.
Bxe8 Kxe8 42. Nb5 g4 43. a7 1-0

[Event "Mechanics' Fall TNM; 30/90, SD/30"]
[Site "San Francisco"]
[Date "2011.11.01"]
[Round "3.13"]
[White "Salvo, Tab"]
[Black "Delmonico, Nils"]
[Result "0-1"]
[WhiteElo "1716"]
[BlackElo "1909"]
[PlyCount "78"]
[EventDate "2011.??.??"]

1. Nf3 c5 2. c4 g6 3. g3 Bg7 4. Bg2 Nc6 5. e3 e5 6. Nc3 Nge7 7. O-O O-O 8. d3
d6 9. a3 a5 10. Re1 h6 11. Bd2 Be6 12. Qc2 b6 13. Rad1 d5 14. cxd5 Nxd5 15.
Nxd5 Bxd5 16. Bc3 Rc8 17. b3 Nd4 18. exd4 cxd4 19. Nd2 Rxc3 20. Qb1 Bxg2 21.
Kxg2 Qd5+ 22. f3 b5 23. a4 Rb8 24. axb5 Rxb5 25. Rc1 a4 26. b4 Bf8 27. Rxc3
dxc3 28. Nc4 f6 29. Qc2 Rxb4 30. Re2 Rb3 31. h4 h5 32. Re4 Bc5 33. g4 Bd4 34.
Kh3 f5 35. gxf5 Qd7 36. Qg2 Qxf5+ 37. Kh2 Rb1 38. Qa2 Rh1+ 39. Kxh1 Qh3+ 0-1

[Event "Mechanics' Fall TNM; 30/90, SD/30"]
[Site "San Francisco"]
[Date "2011.11.22"]
[Round "6.20"]
[White "Salvo, Tab"]
[Black "Hilliard, Michael"]
[Result "1-0"]
[WhiteElo "1716"]
[BlackElo "1428"]
[PlyCount "95"]
[EventDate "2011.??.??"]

1. Nf3 c5 2. c4 Nc6 3. g3 Nf6 4. Bg2 e6 5. O-O d5 6. cxd5 exd5 7. e3 Bg4 8. d3
Be7 9. b3 O-O 10. Bb2 Rc8 11. Na3 a6 12. Qd2 h6 13. Nc2 Qc7 14. Rfc1 Rfd8 15.
Nce1 Qd6 16. a4 a5 17. Bc3 b6 18. Qb2 Be6 19. Rd1 Rd7 20. Rac1 Rcd8 21. Ne5
Nxe5 22. Bxe5 Qc6 23. h3 Qc8 24. Kh2 Ne8 25. Nf3 f6 26. Bc3 Nd6 27. Be1 Nf7 28.
Nd4 Rd6 29. Nxe6 Qxe6 30. Bc3 Ne5 31. d4 Nc6 32. dxc5 bxc5 33. Qb1 Rb8 34. Qc2
Nb4 35. Qd2 Rbd8 36. Qb2 R8d7 37. Qb1 Bd8 38. h4 Bb6 39. Bh3 Qf7 40. Bxd7 Qxd7
41. Bxb4 cxb4 42. Qc2 Kf8 43. Qc8+ Kf7 44. Qxd7+ Rxd7 45. Rc6 Ba7 46. Kg2 Kg6
47. Ra6 d4 48. exd4 1-0